[Event "PMPJ 2022 - C15"]
[Site "Jastrzebia Gora"]
[Date "2022.11.06"]
[Round "1.15"]
[White "Lonski, Aleksander"]
[Black "Nowak, Maciej"]
[Result "1/2-1/2"]
[BlackElo "1389"]
[WhiteElo "1656"]
[LiveChessVersion "1.4.4"]

1. e4 c5 2. c4 Nc6 3. Ne2 g6 4. d4 cxd4 5. Nxd4 Bg7 6. Be3 d6 7. Nc3 Nf6 8. Be2
O-O 9. O-O Bd7 10. Rc1 Re8 11. Qd2 a6 12. f3 Rc8 13. Nd5 Nxd4 14. Bxd4 Nxd5 15.
cxd5 Bxd4+ 16. Qxd4 Qa5 17. a3 Rxc1 18. Rxc1 Rc8 19. Rxc8+ Bxc8 20. Kf2 Qc7 21.
f4 f6 22. Kf3 Kf7 23. Qc4 Qxc4 24. Bxc4 Kf8 25. Ke3 Ke8 26. Kd4 b6 27. e5 Kd8 28.
e6 Ke8 29. g4 Kf8 30. Bd3 Kg7 31. Be4 Bb7 32. h4 Bc8 33. Bc2 Bb7 34. Ba4 Bc8 35.
Bc6 Kf8 36. Ke3 Kg7 37. Ke4 Kf8 38. f5 gxf5+ 39. Kxf5 Kg7 40. b4 h6 41. g5 fxg5
42. hxg5 hxg5 43. Kxg5 Kh7 44. Kh5 Kg7 1/2-1/2

[Event "PMPJ 2022 - C15"]
[Site "Jastrzebia Gora"]
[Date "2022.11.06"]
[Round "1.16"]
[White "Zmuda, Tomasz"]
[Black "Latacz, Grzegorz"]
[Result "0-1"]
[BlackElo "1645"]
[WhiteElo "1373"]
[LiveChessVersion "1.4.4"]

1. e4 c5 2. Nf3 Nc6 3. d4 cxd4 4. Nxd4 g6 5. Nxc6 bxc6 6. Qd4 Nf6 7. e5 Nd5 8.
Bc4 Bg7 9. Bxd5 cxd5 10. Qxd5 Rb8 11. Nc3 Bb7 12. Qc5 Bxg2 13. Rg1 Bc6 14. f4 Qb6
15. Be3 Qxc5 16. Bxc5 Rxb2 17. Kd2 f6 18. exf6 Bxf6 19. Rab1 Rxb1 20. Rxb1 Kf7
21. a3 a5 22. Rb6 Rc8 23. Nb5 Be4 24. Bd4 Rxc2+ 25. Ke3 Bc6 26. Bxf6 Kxf6 27. Nd4
Rc3+ 28. Kd2 Rxa3 29. Nxc6 Ra2+ 30. Ke3 dxc6 31. Rxc6+ Kf7 32. Ra6 a4 33. h4 a3
34. Kd4 Rd2+ 35. Ke3 Rh2 36. Rxa3 Rh3+ 37. Ke4 Rxa3 0-1

[Event "PMPJ 2022 - C15"]
[Site "Jastrzebia Gora"]
[Date "2022.11.06"]
[Round "1.17"]
[White "Klisowski, Bartosz"]
[Black "Paluszek, Jan"]
[Result "1/2-1/2"]
[BlackElo "1348"]
[WhiteElo "1634"]
[LiveChessVersion "1.4.4"]

1. Nf3 Nf6 2. g3 d5 3. Bg2 c5 4. O-O Nc6 5. d4 Bf5 6. c4 dxc4 7. Qa4 Nd7 8. dxc5
Qa5 9. Qxa5 Nxa5 10. Nd4 Bg6 11. Bd2 Nc6 12. Nxc6 bxc6 13. Bxc6 Rc8 14. Ba4 e6
15. Be3 Ke7 16. c6 Ne5 17. Nd2 c3 18. bxc3 Nxc6 19. Rac1 Kf6 20. Nc4 Be4 21. Rfd1
Bd5 22. Bb3 Bxc4 23. Bxc4 Ba3 24. Rc2 Rc7 25. Bc1 Bc5 26. Bb2 Rb8 27. Bb3 Ke7 28.
c4 f6 29. e3 Na5 30. Ba4 Nxc4 31. Bxf6+ gxf6 32. Rxc4 Rb4 33. Rxb4 Bxb4 34. Rd4
Bc3 35. Rh4 Kd6 36. Bc2 f5 37. Bb3 Bf6 38. Rh6 Rf7 39. Kg2 Ke7 40. f3 Rg7 41. e4
fxe4 42. fxe4 e5 43. Bd5 Bg5 44. Re6+ Kd7 45. Rxe5 h5 46. Re6 h4 47. Ra6 Ke8 48.
Kf3 hxg3 49. hxg3 Bd8 50. Kf4 Bc7+ 51. e5 Re7 52. Be6 Bb6 53. Kf5 Rh7 54. g4 Ke7
55. Ra4 Rh8 56. Bd5 Be3 57. Ra6 Bb6 58. a4 Rd8 59. a5 Be3 60. Re6+ Kf8 61. Rf6+
Kg7 62. Rf7+ Kh6 63. Ke6 Bd4 64. Re7 Kg5 65. Bf3 Bc5 66. Rg7+ Kf4 67. Rf7+ Kg5
68. Rd7 Re8+ 69. Kd5 Be3 70. e6 Kf6 71. Rf7+ Kg6 72. Be4+ Kg5 73. Bf5 Rd8+ 74.
Rd7 Re8 75. e7 Kf6 76. Kd6 Bf4+ 77. Kc6 Rxe7 78. Kb7 Rxd7+ 79. Bxd7 Be3 80. a6
Kg5 81. Kc8 Bb6 82. Bf5 Be3 83. Kd7 Bb6 1/2-1/2

[Event "PMPJ 2022 - C15"]
[Site "Jastrzebia Gora"]
[Date "2022.11.06"]
[Round "1.18"]
[White "Kozik, Maksymilian"]
[Black "Trochimczuk, Szymon"]
[Result "0-1"]
[BlackElo "1630"]
[WhiteElo "1341"]
[LiveChessVersion "1.4.4"]

1. e4 {[%clk 1:30:57]} c6 {[%clk 1:30:59]} 2. d4 {[%clk 1:31:19]} d5
{[%clk 1:31:24]} 3. e5 {[%clk 1:31:44]} Bf5 {[%clk 1:31:49]} 4. Nf3
{[%clk 1:32:06]} e6 {[%clk 1:32:10]} 5. Be2 {[%clk 1:32:27]} c5 {[%clk 1:32:28]}
6. c4 {[%clk 1:32:32]} Ne7 {[%clk 1:30:04]} 7. dxc5 {[%clk 1:30:51]} Nbc6
{[%clk 1:25:59]} 8. Be3 {[%clk 1:28:45]} Bxb1 {[%clk 1:14:14]} 9. Rxb1
{[%clk 1:26:01]} Nf5 {[%clk 1:12:56]} 10. Nd4 {[%clk 1:16:49]} Nxe3
{[%clk 1:07:27]} 11. Nxc6 {[%clk 1:16:36]} Nxg2+ {[%clk 1:05:20]} 12. Kf1
{[%clk 1:14:31]} Ne3+ {[%clk 1:00:18]} 13. fxe3 {[%clk 1:14:34]} bxc6
{[%clk 1:00:42]} 14. Qd4 {[%clk 1:13:15]} a5 {[%clk 0:56:40]} 15. Rg1
{[%clk 1:05:39]} g6 {[%clk 0:55:39]} 16. Kg2 {[%clk 1:04:19]} Bg7
{[%clk 0:55:05]} 17. cxd5 {[%clk 1:02:56]} exd5 {[%clk 0:54:15]} 18. Rbf1
{[%clk 1:01:32]} Qc7 {[%clk 0:49:39]} 19. Bg4 {[%clk 1:00:21]} Bxe5
{[%clk 0:49:30]} 20. Qd2 {[%clk 0:47:44]} Bxh2 {[%clk 0:47:26]} 21. Qf2
{[%clk 0:45:30]} Bxg1 {[%clk 0:46:40]} 0-1

[Event "PMPJ 2022 - C15"]
[Site "Jastrzebia Gora"]
[Date "2022.11.06"]
[Round "1.19"]
[White "Zawadzki, Bartosz"]
[Black "Rodziewicz-bielewicz, Kuba"]
[Result "0-1"]
[BlackElo "1274"]
[WhiteElo "1624"]
[LiveChessVersion "1.4.4"]

1. d4 {[%clk 1:30:57]} d5 {[%clk 1:30:51]} 2. c4 {[%clk 1:31:19]} c6
{[%clk 1:31:14]} 3. e3 {[%clk 1:31:34]} Nf6 {[%clk 1:30:55]} 4. Nc3
{[%clk 1:31:54]} Bf5 {[%clk 1:27:09]} 5. Qb3 {[%clk 1:30:28]} Qb6
{[%clk 1:26:06]} 6. c5 {[%clk 1:28:55]} Qc7 {[%clk 1:20:13]} 7. Nf3
{[%clk 1:28:31]} Nbd7 {[%clk 1:18:49]} 8. Be2 {[%clk 1:27:03]} e6
{[%clk 1:14:54]} 9. Bd2 {[%clk 1:19:58]} Be7 {[%clk 1:12:30]} 10. Rc1
{[%clk 1:07:48]} Ne4 {[%clk 1:08:47]} 11. Nxe4 {[%clk 1:05:38]} dxe4
{[%clk 1:04:28]} 12. Ne5 {[%clk 0:41:15]} Nxe5 {[%clk 1:01:59]} 13. dxe5
{[%clk 0:41:38]} O-O {[%clk 1:01:11]} 14. Qc3 {[%clk 0:40:58]} Rfd8
{[%clk 1:00:39]} 15. Bc4 {[%clk 0:40:27]} Bxc5 {[%clk 0:58:24]} 16. Bxe6
{[%clk 0:39:54]} Bxe6 {[%clk 0:56:19]} 17. Qxc5 {[%clk 0:40:13]} Rd5
{[%clk 0:56:07]} 18. Qc2 {[%clk 0:39:37]} Qxe5 {[%clk 0:53:45]} 19. Bc3
{[%clk 0:38:59]} Qf5 {[%clk 0:51:57]} 20. O-O {[%clk 0:36:24]} Qg6
{[%clk 0:51:37]} 21. Rfd1 {[%clk 0:26:31]} Rg5 {[%clk 0:46:12]} 22. g3
{[%clk 0:24:47]} Bg4 {[%clk 0:44:03]} 23. Rd4 {[%clk 0:23:24]} Bf3
{[%clk 0:42:34]} 24. Qd2 {[%clk 0:22:33]} h6 {[%clk 0:42:06]} 25. Rd8+
{[%clk 0:22:41]} Rxd8 {[%clk 0:42:29]} 26. Qxd8+ {[%clk 0:23:06]} Kh7
{[%clk 0:42:52]} 27. h4 {[%clk 0:22:37]} Rxg3+ {[%clk 0:42:43]} 28. Kh2
{[%clk 0:22:29]} Rg2+ {[%clk 0:43:03]} 0-1

[Event "PMPJ 2022 - C15"]
[Site "Jastrzebia Gora"]
[Date "2022.11.06"]
[Round "1.20"]
[White "Mazurek, Filip"]
[Black "Duda, Leon"]
[Result "1/2-1/2"]
[BlackElo "1621"]
[WhiteElo "1269"]
[LiveChessVersion "1.4.4"]

1. e4 {[%clk 1:30:59]} c5 {[%clk 1:30:55]} 2. Nf3 {[%clk 1:31:21]} d6
{[%clk 1:31:21]} 3. d4 {[%clk 1:31:43]} cxd4 {[%clk 1:31:42]} 4. Nxd4
{[%clk 1:32:04]} Nf6 {[%clk 1:32:01]} 5. Nc3 {[%clk 1:32:28]} g6 {[%clk 1:32:25]}
6. Be3 {[%clk 1:32:49]} Bg7 {[%clk 1:32:49]} 7. f3 {[%clk 1:33:12]} a6
{[%clk 1:33:09]} 8. Qd2 {[%clk 1:33:20]} h5 {[%clk 1:33:30]} 9. Be2
{[%clk 1:32:38]} b5 {[%clk 1:33:00]} 10. a4 {[%clk 1:32:22]} bxa4
{[%clk 1:32:17]} 11. O-O {[%clk 1:30:07]} Bb7 {[%clk 1:29:42]} 12. Rxa4
{[%clk 1:27:51]} Nbd7 {[%clk 1:29:07]} 13. Raa1 {[%clk 1:13:55]} Ne5
{[%clk 1:06:32]} 14. Nb3 {[%clk 1:03:58]} O-O {[%clk 1:01:30]} 15. Rfd1
{[%clk 0:50:40]} Qc7 {[%clk 0:56:15]} 16. Bh6 {[%clk 0:47:43]} Rfc8
{[%clk 0:46:04]} 17. Bxg7 {[%clk 0:47:41]} Kxg7 {[%clk 0:46:29]} 18. Kh1
{[%clk 0:38:31]} Nc4 {[%clk 0:41:58]} 19. Bxc4 {[%clk 0:38:39]} Qxc4 20. Na5
{[%clk 0:33:51]} Qb4 {[%clk 0:37:25]} 21. Ra3 {[%clk 0:30:20]} Rab8
{[%clk 0:22:42]} 22. Nxb7 {[%clk 0:29:19]} Qxb7 {[%clk 0:23:00]} 23. Rb3
{[%clk 0:26:55]} Qc6 {[%clk 0:23:12]} 24. Rxb8 {[%clk 0:19:36]} Rxb8
{[%clk 0:23:41]} 25. Rb1 {[%clk 0:19:43]} Qc4 {[%clk 0:12:57]} 26. h3
{[%clk 0:16:56]} Rb7 {[%clk 0:10:00]} 27. b3 {[%clk 0:15:06]} Qc5
{[%clk 0:07:05]} 28. Nd5 {[%clk 0:15:06]} Nxd5 {[%clk 0:06:35]} 29. exd5
{[%clk 0:15:03]} Rb5 {[%clk 0:03:19]} 30. c4 {[%clk 0:14:24]} Rb6
{[%clk 0:03:40]} 31. Qc3+ {[%clk 0:13:51]} Kg8 {[%clk 0:03:49]} 32. b4
{[%clk 0:12:19]} Qc7 {[%clk 0:04:10]} 33. Rc1 {[%clk 0:10:54]} Qb8
{[%clk 0:01:05]} 34. c5 {[%clk 0:07:02]} Rxb4 {[%clk 0:01:04]} 35. c6
{[%clk 0:07:30]} Rb1 {[%clk 0:00:56]} 36. Rxb1 {[%clk 0:06:32]} Qxb1+
{[%clk 0:01:24]} 37. Kh2 {[%clk 0:06:51]} Qb8 {[%clk 0:01:41]} 38. Qa5
{[%clk 0:06:25]} e6 {[%clk 0:00:47]} 39. Qxa6 {[%clk 0:05:38]} exd5
{[%clk 0:00:57]} 40. Qb7 {[%clk 0:03:27]} Qe8 {[%clk 0:01:14]} 41. f4
{[%clk 0:03:33]} Qe3 {[%clk 0:00:43]} 42. Qb8+ {[%clk 0:03:46]} Kh7
{[%clk 0:00:48]} 43. Qxd6 {[%clk 0:04:08]} h4 {[%clk 0:00:51]} 44. f5
{[%clk 0:04:20]} gxf5 {[%clk 0:00:50]} 45. Qb8 {[%clk 0:02:00]} Qe6
{[%clk 0:00:33]} 46. c7 {[%clk 0:01:42]} Qe5+ {[%clk 0:00:55]} 1/2-1/2

[Event "PMPJ 2022 - C15"]
[Site "Jastrzebia Gora"]
[Date "2022.11.06"]
[Round "1.21"]
[White "Krasniewski, Maciej"]
[Black "Pachura, Mateusz"]
[Result "1-0"]
[BlackElo "1269"]
[WhiteElo "1619"]
[LiveChessVersion "1.4.4"]

1. d4 {[%clk 1:30:57]} Nf6 {[%clk 1:30:29]} 2. c4 {[%clk 1:31:23]} c5
{[%clk 1:30:43]} 3. d5 {[%clk 1:31:48]} e6 {[%clk 1:30:54]} 4. Nc3
{[%clk 1:32:09]} d6 {[%clk 1:30:36]} 5. Nf3 {[%clk 1:29:10]} exd5
{[%clk 1:30:16]} 6. cxd5 {[%clk 1:29:29]} g6 {[%clk 1:26:54]} 7. e4
{[%clk 1:25:09]} a6 {[%clk 1:23:42]} 8. a4 {[%clk 1:25:33]} Bg4 {[%clk 1:20:55]}
9. Be2 {[%clk 1:25:31]} Bxf3 {[%clk 1:20:18]} 10. Bxf3 {[%clk 1:25:54]} Nbd7
{[%clk 1:20:32]} 11. Bf4 {[%clk 1:26:03]} Qc7 {[%clk 1:18:44]} 12. O-O
{[%clk 1:25:28]} Bg7 {[%clk 1:18:43]} 13. Qd2 {[%clk 1:12:35]} O-O
{[%clk 1:15:01]} 14. Rfc1 {[%clk 1:11:54]} Ne8 {[%clk 1:11:41]} 15. a5
{[%clk 1:06:10]} Ne5 {[%clk 1:09:14]} 16. Be2 {[%clk 1:01:24]} Qe7
{[%clk 1:04:01]} 17. Re1 {[%clk 0:57:32]} f5 {[%clk 1:02:27]} 18. exf5
{[%clk 0:56:58]} Rxf5 {[%clk 0:57:13]} 19. Bg4 {[%clk 0:55:59]} Rf8
{[%clk 0:57:22]} 20. Bg5 {[%clk 0:51:33]} Bf6 {[%clk 0:47:12]} 21. Ne4
{[%clk 0:15:51]} Bxg5 {[%clk 0:41:55]} 22. Nxg5 {[%clk 0:16:06]} Qf6
{[%clk 0:40:35]} 23. Be6+ {[%clk 0:14:31]} Kh8 {[%clk 0:40:51]} 24. Ra4
{[%clk 0:07:19]} Nc7 {[%clk 0:37:15]} 25. f4 {[%clk 0:05:33]} Nxe6
{[%clk 0:30:12]} 26. Nxe6 {[%clk 0:05:56]} Ng4 {[%clk 0:29:59]} 27. Nxf8
{[%clk 0:06:04]} Rxf8 {[%clk 0:30:07]} 28. h3 {[%clk 0:03:43]} Nh6
{[%clk 0:29:39]} 29. Qc3 {[%clk 0:03:42]} Nf5 {[%clk 0:29:53]} 30. Re6
{[%clk 0:04:01]} Qxc3 {[%clk 0:29:44]} 31. bxc3 {[%clk 0:04:25]} Rd8
{[%clk 0:29:57]} 32. g4 {[%clk 0:04:48]} Ng7 {[%clk 0:30:04]} 33. Re7
{[%clk 0:05:12]} Rb8 {[%clk 0:30:15]} 34. Rd7 {[%clk 0:05:11]} b5
{[%clk 0:30:35]} 35. axb6 {[%clk 0:05:37]} Ne8 {[%clk 0:30:55]} 36. Rxa6
{[%clk 0:06:02]} 1-0

[Event "PMPJ 2022 - C15"]
[Site "Jastrzebia Gora"]
[Date "2022.11.06"]
[Round "1.22"]
[White "Obidzinski, Cezary"]
[Black "Wilgosz, Szczepan"]
[Result "0-1"]
[BlackElo "1618"]
[WhiteElo "1261"]
[LiveChessVersion "1.4.4"]

1. d4 {[%clk 1:30:56]} d5 {[%clk 1:30:47]} 2. c4 {[%clk 1:31:23]} c6
{[%clk 1:31:06]} 3. Nc3 {[%clk 1:31:45]} Nf6 {[%clk 1:31:25]} 4. Nf3
{[%clk 1:32:07]} e6 {[%clk 1:31:39]} 5. Bg5 {[%clk 1:32:14]} h6 {[%clk 1:31:10]}
6. Bh4 {[%clk 1:32:29]} dxc4 {[%clk 1:30:41]} 7. a4 {[%clk 1:30:30]} Bb4
{[%clk 1:17:41]} 8. Qc2 {[%clk 1:20:21]} g5 {[%clk 1:08:00]} 9. Bg3
{[%clk 1:19:51]} b5 {[%clk 1:07:01]} 10. h4 {[%clk 0:54:23]} g4 {[%clk 1:02:29]}
11. Ne5 {[%clk 0:47:56]} Bb7 {[%clk 0:47:21]} 12. h5 {[%clk 0:44:21]} Nbd7
{[%clk 0:35:18]} 13. Bh4 {[%clk 0:40:10]} Qa5 {[%clk 0:19:29]} 14. Nxf7
{[%clk 0:35:43]} Bxc3+ {[%clk 0:16:56]} 15. bxc3 {[%clk 0:34:32]} Kxf7
{[%clk 0:16:52]} 16. Qg6+ {[%clk 0:30:22]} Kf8 {[%clk 0:15:07]} 17. Bxf6
{[%clk 0:28:46]} Qxc3+ {[%clk 0:15:21]} 18. Kd1 {[%clk 0:29:08]} Qxa1+
{[%clk 0:15:42]} 19. Kc2 {[%clk 0:29:16]} Qxa4+ {[%clk 0:14:59]} 20. Kc1
{[%clk 0:27:24]} Qa3+ {[%clk 0:12:55]} 21. Kc2 {[%clk 0:26:56]} Qb3+
{[%clk 0:13:10]} 22. Kc1 {[%clk 0:25:20]} Rg8 {[%clk 0:12:55]} 23. Qxh6+
{[%clk 0:16:52]} Ke8 {[%clk 0:11:57]} 24. Bg7 {[%clk 0:14:45]} c3
{[%clk 0:11:20]} 25. Qg6+ {[%clk 0:13:52]} Kd8 {[%clk 0:11:42]} 26. Qg5+
{[%clk 0:12:06]} Kc8 {[%clk 0:11:56]} 27. h6 {[%clk 0:10:50]} Qb2+
{[%clk 0:12:02]} 28. Kd1 {[%clk 0:11:08]} c2+ {[%clk 0:12:26]} 29. Ke1
{[%clk 0:11:22]} Qb4+ {[%clk 0:11:58]} 30. Qd2 {[%clk 0:11:46]} c1=R#
{[%clk 0:12:15]} 0-1

[Event "PMPJ 2022 - C15"]
[Site "Jastrzebia Gora"]
[Date "2022.11.06"]
[Round "1.23"]
[White "Sniadecki, Oskar"]
[Black "Brudzynski, Wojciech"]
[Result "1/2-1/2"]
[BlackElo "1246"]
[WhiteElo "1615"]
[LiveChessVersion "1.4.4"]

1. d4 d5 2. Nf3 Nf6 3. c4 e6 4. Nc3 Be7 5. Bg5 Nbd7 6. cxd5 Nxd5 7. Bxe7 Qxe7 8.
Qb3 Qb4 9. Qxb4 Nxb4 10. Rc1 O-O 11. a3 Nc6 12. Nb5 a6 13. Nxc7 Rb8 14. b4 Nf6
15. b5 axb5 16. Nxb5 Rd8 17. e3 Ra8 18. Bc4 Na5 19. Be2 Bd7 20. O-O Nd5 21. Nd2
Rdc8 22. Nd6 Rc6 23. Rxc6 Bxc6 24. Rc1 Kf8 25. Nb5 Ke7 26. Nc3 Rd8 27. Nxd5+ Rxd5
28. f4 Rd7 29. Kf2 f6 30. Nf3 Be4 31. Bb5 Bc6 32. Rb1 Bxb5 33. Rxb5 Nc4 34. a4
Nd6 35. Rh5 h6 36. Nd2 Rc7 37. Rc5 Kd7 38. e4 Rc6 39. Rxc6 Kxc6 40. Ke3 Kb6 41.
Nb3 Nc4+ 42. Ke2 Kc6 43. g4 b6 44. f5 e5 45. d5+ Kd6 46. a5 bxa5 47. Kd3 Nb2+ 48.
Kc2 Nc4 49. Kc3 Ne3 50. h3 Nd1+ 51. Kd2 Nf2 52. Ke3 a4 53. Na5 Nxh3 54. Nb7+ Kc7
55. Nc5 a3 56. Nb3 Ng5 57. Nc1 Nf7 58. Na2 Nd6 59. Kd3 Kb6 60. Nc1 Kc5 61. Na2
Nb5 62. Nc3 Nd4 63. Na2 Nf3 64. Kc3 Nh2 65. Kb3 Nxg4 66. Kxa3 h5 67. Nc3 h4 68.
Ne2 h3 69. Ng3 h2 70. Nh1 Ne3 71. Kb3 Nc4 72. Kc3 Nd6 73. Kd3 Kb4 74. Ng3 Nb7 75.
Nh1 Nc5+ 76. Ke3 Kc4 77. Ng3 Nb7 78. Nh1 Nd6 79. Ng3 Kc3 80. Kf3 Kd3 81. Kg2
1/2-1/2

[Event "PMPJ 2022 - C15"]
[Site "Jastrzebia Gora"]
[Date "2022.11.06"]
[Round "1.24"]
[White "Dechnik, Marcel"]
[Black "Chmura, Eryk"]
[Result "0-1"]
[BlackElo "1614"]
[WhiteElo "1238"]
[LiveChessVersion "1.4.4"]

1. e4 {[%clk 1:30:59]} c5 {[%clk 1:30:50]} 2. Nc3 {[%clk 1:31:24]} Nc6
{[%clk 1:31:05]} 3. f4 {[%clk 1:31:46]} g6 {[%clk 1:30:09]} 4. Nf3
{[%clk 1:32:04]} Bg7 {[%clk 1:30:12]} 5. Bc4 {[%clk 1:31:13]} a6 {[%clk 1:29:09]}
6. a4 {[%clk 1:30:38]} e6 {[%clk 1:29:21]} 7. O-O {[%clk 1:29:45]} Nge7
{[%clk 1:28:34]} 8. Ba2 {[%clk 1:27:31]} d5 {[%clk 1:24:32]} 9. d3
{[%clk 1:26:24]} O-O {[%clk 1:23:29]} 10. Qe1 {[%clk 1:24:35]} Nb4
{[%clk 1:17:22]} 11. Qf2 {[%clk 1:19:39]} Qc7 {[%clk 0:37:46]} 12. e5
{[%clk 1:01:34]} Bd7 {[%clk 0:33:55]} 13. d4 {[%clk 0:57:30]} b6 {[%clk 0:23:22]}
14. Be3 {[%clk 0:51:45]} Nf5 {[%clk 0:21:07]} 15. Nd1 {[%clk 0:49:51]} cxd4
{[%clk 0:19:34]} 16. Nxd4 {[%clk 0:48:22]} Nxd4 {[%clk 0:16:18]} 17. Bxd4
{[%clk 0:48:22]} Qxc2 {[%clk 0:15:59]} 18. Bxb6 {[%clk 0:48:22]} Bxa4
{[%clk 0:15:59]} 19. Nc3 {[%clk 0:41:14]} Qxf2+ {[%clk 0:12:16]} 20. Rxf2
{[%clk 0:40:39]} Bd7 {[%clk 0:12:35]} 21. Bb1 {[%clk 0:34:04]} Rfb8
{[%clk 0:12:20]} 22. Ba5 {[%clk 0:32:11]} Bf8 {[%clk 0:12:39]} 23. Kf1
{[%clk 0:31:00]} Bc5 {[%clk 0:11:49]} 24. Rf3 {[%clk 0:30:01]} Bc6
{[%clk 0:09:41]} 25. b3 {[%clk 0:26:53]} Rb7 {[%clk 0:05:48]} 26. Ke1
{[%clk 0:24:54]} Be8 {[%clk 0:05:33]} 27. Bxb4 {[%clk 0:24:02]} Bxb4
{[%clk 0:05:50]} 28. Kd1 {[%clk 0:23:59]} Rc7 {[%clk 0:05:44]} 29. Ne2
{[%clk 0:23:53]} a5 {[%clk 0:05:20]} 30. g4 {[%clk 0:23:13]} Rd8 {[%clk 0:01:37]}
31. f5 {[%clk 0:23:00]} d4 {[%clk 0:01:51]} 32. Bd3 {[%clk 0:22:22]} a4
{[%clk 0:01:14]} 33. fxg6 {[%clk 0:19:55]} hxg6 {[%clk 0:01:19]} 34. g5
{[%clk 0:18:47]} axb3 {[%clk 0:01:35]} 35. Rb1 {[%clk 0:18:26]} Ba4
{[%clk 0:01:50]} 36. Rb2 {[%clk 0:18:24]} Bc3 {[%clk 0:01:50]} 0-1

[Event "PMPJ 2022 - C15"]
[Site "Jastrzebia Gora"]
[Date "2022.11.06"]
[Round "1.25"]
[White "Marek, Grzegorz"]
[Black "Pozoga, Adam"]
[Result "1-0"]
[BlackElo "1229"]
[WhiteElo "1614"]
[LiveChessVersion "1.4.4"]

1. b3 {[%clk 1:30:54]} e5 {[%clk 1:30:29]} 2. Bb2 {[%clk 1:31:16]} Nc6
{[%clk 1:29:45]} 3. e3 {[%clk 1:31:35]} Nf6 {[%clk 1:29:04]} 4. Bb5
{[%clk 1:29:57]} d6 {[%clk 1:25:35]} 5. d4 {[%clk 1:29:01]} exd4 {[%clk 1:24:09]}
6. Qxd4 {[%clk 1:23:15]} Bd7 {[%clk 1:17:47]} 7. Bxc6 {[%clk 1:22:32]} Bxc6
{[%clk 1:17:58]} 8. Nf3 {[%clk 1:14:44]} Be7 {[%clk 1:15:06]} 9. Nc3
{[%clk 1:07:44]} O-O {[%clk 1:08:56]} 10. O-O-O {[%clk 1:07:14]} Ne8
{[%clk 1:03:26]} 11. e4 {[%clk 0:46:49]} Bf6 {[%clk 0:54:59]} 12. Qe3
{[%clk 0:45:57]} a5 {[%clk 0:42:47]} 13. Rhe1 {[%clk 0:31:14]} Qb8
{[%clk 0:33:52]} 14. Nd4 {[%clk 0:25:23]} Bd7 {[%clk 0:27:39]} 15. Nd5
{[%clk 0:22:05]} Bd8 {[%clk 0:26:00]} 16. Qg3 {[%clk 0:06:33]} Kh8
{[%clk 0:09:15]} 17. Nf5 {[%clk 0:06:20]} Bxf5 {[%clk 0:09:22]} 18. exf5
{[%clk 0:06:39]} f6 {[%clk 0:09:38]} 19. Nf4 {[%clk 0:03:53]} Kg8
{[%clk 0:04:14]} 20. Nh5 {[%clk 0:02:11]} Qc8 {[%clk 0:03:20]} 21. Rxe8
{[%clk 0:02:16]} Qd7 {[%clk 0:03:33]} 22. Rxf8+ {[%clk 0:02:20]} Kxf8
{[%clk 0:03:56]} 23. Re1 {[%clk 0:02:20]} Ra6 {[%clk 0:03:42]} 24. Nxg7
{[%clk 0:01:58]} Qxg7 {[%clk 0:03:24]} 25. Re8+ {[%clk 0:02:21]} Kf7
{[%clk 0:03:27]} 26. Qxg7+ {[%clk 0:02:23]} Kxg7 {[%clk 0:03:52]} 27. Rxd8
{[%clk 0:02:47]} Rc6 {[%clk 0:04:06]} 28. Rd7+ {[%clk 0:03:09]} Kg8
{[%clk 0:04:13]} 29. Bxf6 {[%clk 0:03:22]} Rc5 {[%clk 0:04:25]} 30. g4
{[%clk 0:03:42]} h5 {[%clk 0:04:42]} 31. f3 {[%clk 0:03:59]} b6 {[%clk 0:04:45]}
32. Rg7+ {[%clk 0:04:07]} Kf8 {[%clk 0:05:10]} 33. Rh7 {[%clk 0:04:30]} hxg4
{[%clk 0:05:36]} 34. fxg4 {[%clk 0:04:55]} Kg8 {[%clk 0:05:22]} 35. Rd7
{[%clk 0:05:14]} b5 {[%clk 0:05:17]} 36. h4 {[%clk 0:05:37]} a4 {[%clk 0:05:28]}
37. h5 {[%clk 0:05:58]} 1-0

[Event "PMPJ 2022 - C15"]
[Site "Jastrzebia Gora"]
[Date "2022.11.06"]
[Round "1.26"]
[White "Zydok, Ignacy"]
[Black "Garwacki, Kornel"]
[Result "1-0"]
[BlackElo "1613"]
[WhiteElo "1200"]
[LiveChessVersion "1.4.4"]

1. d4 Nf6 2. c4 g6 3. Nc3 Bg7 4. e4 d6 5. Nf3 O-O 6. h3 c6 7. g4 e5 8. d5 cxd5 9.
cxd5 Bd7 10. Be3 a5 11. Nd2 Be8 12. Be2 Na6 13. g5 Nd7 14. h4 Ndc5 15. h5 Rb8 16.
a4 Nb4 17. Bxc5 dxc5 18. hxg6 fxg6 19. Nf3 Bd7 20. Rg1 Rf4 21. Nd2 Qf8 22. f3 Rh4
23. Qb3 Rh2 24. O-O-O c4 25. Bxc4 Qc5 26. Rh1 Rg2 27. d6+ Kf8 28. Bg8 Be8 29. d7
Qc7 30. dxe8=Q+ Rxe8 31. Bxh7 Ke7 32. Bxg6 Rf8 33. Nc4 Rxf3 34. Qxb4+ axb4 35.
Nd5+ Kd7 36. Nxc7+ Kxc7 37. Rh7 Rff2 38. Rxg7+ Kb8 39. Rd2 Rg1+ 40. Kc2 Rf3 41.
Rd3 b3+ 42. Rxb3 Rg2+ 43. Nd2 Rxd2+ 44. Kxd2 Rxb3 45. Kc2 Rb4 46. b3 b5 47. axb5
Rxb5 48. Rf7 Kc8 49. Bf5+ Kd8 50. g6 Rc5+ 51. Kb2 Ke8 52. Ra7 1-0

[Event "PMPJ 2022 - C15"]
[Site "Jastrzebia Gora"]
[Date "2022.11.06"]
[Round "1.27"]
[White "Miler, Franciszek"]
[Black "Klyus, Ivan"]
[Result "1-0"]
[BlackElo "1196"]
[WhiteElo "1608"]
[LiveChessVersion "1.4.4"]

1. e4 {[%clk 1:30:57]} e5 {[%clk 1:30:44]} 2. Nf3 {[%clk 1:31:10]} Nf6
{[%clk 1:31:04]} 3. Nxe5 {[%clk 1:26:59]} d6 {[%clk 1:29:19]} 4. Nf3
{[%clk 1:26:40]} Nxe4 {[%clk 1:28:16]} 5. Nc3 {[%clk 1:26:53]} Nxc3
{[%clk 1:28:19]} 6. dxc3 {[%clk 1:27:19]} Be7 {[%clk 1:28:36]} 7. Be3
{[%clk 1:23:53]} O-O {[%clk 1:28:17]} 8. Qd2 {[%clk 1:23:32]} Nd7
{[%clk 1:23:58]} 9. O-O-O {[%clk 1:21:52]} Nf6 {[%clk 1:22:27]} 10. Bd3
{[%clk 1:20:35]} c5 {[%clk 1:22:08]} 11. h3 {[%clk 1:19:18]} b5 {[%clk 1:19:21]}
12. g4 {[%clk 1:16:45]} Bb7 {[%clk 0:55:17]} 13. Qe2 {[%clk 1:14:07]} Qa5
{[%clk 0:53:39]} 14. Kb1 {[%clk 1:11:07]} c4 {[%clk 0:44:33]} 15. Bf5
{[%clk 1:11:19]} Nd5 {[%clk 0:44:05]} 16. Bd2 {[%clk 1:05:28]} Bf6
{[%clk 0:35:30]} 17. Rhe1 {[%clk 1:00:34]} Bc6 {[%clk 0:25:56]} 18. Nd4
{[%clk 0:56:09]} Bxd4 {[%clk 0:24:19]} 19. cxd4 {[%clk 0:56:32]} c3
{[%clk 0:22:42]} 20. Bxc3 {[%clk 0:50:56]} Nxc3+ {[%clk 0:15:42]} 21. bxc3
{[%clk 0:50:04]} Bd5 {[%clk 0:13:10]} 22. Qd3 {[%clk 0:40:56]} g6
{[%clk 0:10:35]} 23. Be4 {[%clk 0:36:56]} Bxa2+ {[%clk 0:09:25]} 24. Kc1
{[%clk 0:36:57]} Rac8 {[%clk 0:09:00]} 25. Kd2 {[%clk 0:36:17]} b4
{[%clk 0:05:30]} 26. cxb4 {[%clk 0:35:21]} Qxb4+ {[%clk 0:05:46]} 27. c3
{[%clk 0:35:31]} Qb6 {[%clk 0:04:22]} 28. Qg3 {[%clk 0:30:25]} d5
{[%clk 0:02:30]} 29. Bc2 {[%clk 0:30:20]} Rc7 {[%clk 0:02:03]} 30. Ra1
{[%clk 0:27:46]} Bc4 {[%clk 0:01:38]} 31. Rab1 {[%clk 0:25:05]} Qa5
{[%clk 0:01:25]} 32. h4 {[%clk 0:24:07]} Rfc8 {[%clk 0:01:25]} 33. Re3
{[%clk 0:24:04]} Qa2 {[%clk 0:01:30]} 34. h5 {[%clk 0:23:53]} a5 {[%clk 0:01:20]}
35. hxg6 {[%clk 0:23:36]} fxg6 {[%clk 0:01:20]} 36. Qd6 {[%clk 0:23:20]} Rc6
{[%clk 0:00:57]} 37. Qd7 {[%clk 0:23:01]} Rf8 {[%clk 0:00:45]} 38. Re8
{[%clk 0:22:01]} Rcf6 {[%clk 0:00:53]} 39. Rxf8+ {[%clk 0:21:48]} Rxf8
{[%clk 0:00:50]} 40. Qe6+ {[%clk 0:22:10]} Kg7 {[%clk 0:00:49]} 41. Rb7+
{[%clk 0:22:30]} Kh6 {[%clk 0:00:56]} 42. Qe3+ {[%clk 0:22:51]} g5
{[%clk 0:01:19]} 1-0

[Event "PMPJ 2022 - C15"]
[Site "Jastrzebia Gora"]
[Date "2022.11.06"]
[Round "1.28"]
[White "Magrel, Wiktor"]
[Black "Wandor, Adam"]
[Result "0-1"]
[BlackElo "1585"]
[WhiteElo "1170"]
[LiveChessVersion "1.4.4"]

1. e4 c5 2. Nf3 Nc6 3. d4 cxd4 4. Nxd4 Nf6 5. Nc3 d6 6. Be3 g6 7. f3 Bg7 8. Qd2
O-O 9. O-O-O Bd7 10. g4 Rc8 11. h4 a6 12. h5 b5 13. hxg6 fxg6 14. Bh6 Ne5 15.
Bxg7 Kxg7 16. Qh6+ Kg8 17. Nd5 Rf7 18. Be2 Nxd5 19. exd5 Qf8 20. Qh4 Rg7 21. Kb1
Qf4 22. Rhf1 Nc4 23. Bxc4 Rxc4 24. Ne6 Bxe6 25. dxe6 Qe3 26. Rxd6 Rc8 27. Rxa6
Rd8 28. a3 b4 29. axb4 Qe2 30. Re1 Qxa6 31. Qf2 Ra8 32. c3 Qd3+ 33. Qc2 Ra1+ 0-1